Unified financial code : is India ready : (Record no. 97958)

MARC details
000 -LEADER
fixed length control field 00686nam a22001937a 4500
005 - DATE AND TIME OF LATEST TRANSACTION
control field 20160114151250.0
010 ## - LCCN (DPL NO)
LC control number ENG-114407
020 ## - INTERNATIONAL STANDARD BOOK NUMBER
International Standard Book Number 9789351435570
Terms of availability 295.00
035 ## - SYSTEM CONTROL NUMBER
System control number EN-97939
037 ## - SOURCE OF ACQUISITION
Source of stock number/acquisition DBAD/PUB
082 ## - DEWEY DECIMAL CLASSIFICATION NUMBER
Classification number 336.54
100 ## - MAIN ENTRY--PERSONAL NAME
Personal name Tarapore, S.S.
245 ## - TITLE STATEMENT
Title Unified financial code : is India ready :
Remainder of title is India ready : a critique on the financial sector legislative reforms commission report /
Statement of responsibility, etc by S.S. Tarapore
260 ## - PUBLICATION, DISTRIBUTION, ETC. (IMPRINT)
Place of publication, distribution, etc Gurgaon
Name of publisher, distributor, etc LexisNexis
Date of publication, distribution, etc 2015
270 ## - ADDRESS
Address 14th Floor, Building No.10, Tower-B, DLF Cyber City, Phase-II
City Gurgaon
Postal code 122002
300 ## - PHYSICAL DESCRIPTION
Extent xii,166p.
Dimensions 22cm(pbk)
500 ## - GENERAL NOTE
General note Includes index
942 ## - ADDED ENTRY ELEMENTS (KOHA)
Source of classification or shelving scheme Dewey Decimal Classification
Item type English Books
Call number suffix TAR
Classification part 336.54
Holdings
Withdrawn status Lost status Not for loan Collection code Home library Current library Date acquired Source of acquisition Cost, normal purchase price Full call number Barcode Copy number Cost, replacement price Koha item type
    Not For Loan Non-fiction D.B.Act.Division D.B.Act.Division 27/10/2015 DBAD/PUB 295.00 336.54 TAR EN-97939 1 295.00 English Books

© Delhi Public Library
Hit Counter
free hit counter